| 000 | 00703cam a22001935a 4500 | ||
|---|---|---|---|
| 001 | L155232 | ||
| 008 | 120313s1697 xxk f 000 0 eng d | ||
| 035 | _a(Sirsi) u155232 | ||
| 041 | 0 | _aeng | |
| 100 | 1 |
_aDefoe, Daniel _d1661?-1731 |
|
| 245 | 0 | 3 | _aAn essay upon projects |
| 260 |
_aLondon _bprinted by R[obert]. R[oberts]. for Tho. Cockerill, at the corner of Warwick-Lane, near Pater-noster-Row _cMDCXCVII. [1697] |
||
| 300 |
_a[2], xiv, 336 p. _c8o |
||
| 583 |
_aCondition reviewed _c20120620 _lcondition level 1 |
||
| 651 | 4 |
_aGreat Britain _y1707- |
|
| 690 | _aFinance and taxation | ||
| 856 |
_uhttps://archive.org/details/anessayuponproje09682gut _zDigital copies available |
||
| 942 |
_n0 _2ddc |
||
| 999 |
_c113418 _d113418 |
||